Erskine Bridge Tolls Act 2001 (Record no. 108344)

MARC details
000 -LEADER
fixed length control field 00691cad a22002055a 4500
001 - CONTROL NUMBER
control field E144007
008 - FIXED-LENGTH DATA ELEMENTS--GENERAL INFORMATION
fixed length control field 080611s2001 xxk f a000 0 eng d
035 ## - SYSTEM CONTROL NUMBER
System control number (Sirsi) u144007
041 0# - LANGUAGE CODE
Language code of text/sound track or separate title eng
110 2# - MAIN ENTRY--CORPORATE NAME
Corporate name or jurisdiction name as entry element Scotland
Form subheading Laws, etc
245 00 - TITLE STATEMENT
Title Erskine Bridge Tolls Act 2001
Remainder of title (asp 12)
Medium [electronic resource]
260 ## - PUBLICATION, DISTRIBUTION, ETC.
Place of publication, distribution, etc. Edinburgh
Name of publisher, distributor, etc. TSO
Date of publication, distribution, etc. 2001
300 ## - PHYSICAL DESCRIPTION
Extent 3p.
Dimensions 24cm.
490 #0 - SERIES STATEMENT
Series statement Current Law Statutes
Volume/sequential designation asp 12
650 24 - SUBJECT ADDED ENTRY--TOPICAL TERM
Topical term or geographic name entry element ERSKINE BRIDGE TOLLS ACT 2001
651 #4 - SUBJECT ADDED ENTRY--GEOGRAPHIC NAME
Geographic name Scotland
Chronological subdivision 1999-
690 ## - LOCAL SUBJECT ADDED ENTRY--TOPICAL TERM (OCLC, RLIN)
Topical term or geographic name as entry element PROPERTY-INFRASTRUCTURE-TRANSPORT INFRASTRUCTURE
856 41 - ELECTRONIC LOCATION AND ACCESS
Uniform Resource Identifier <a href="https://www.opsi.gov.uk/legislation/scotland/s-acts2001a">https://www.opsi.gov.uk/legislation/scotland/s-acts2001a</a>
Public note View the Act free of charge at www.opsi.gov.uk...
942 ## - ADDED ENTRY ELEMENTS (KOHA)
Suppress in OPAC 0
Holdings
Withdrawn status Lost status Source of classification or shelving scheme Damaged status Not for loan Home library Current library Shelving location Date acquired Total Checkouts Full call number Barcode Date last seen Copy number Price effective from Koha item type
    Dewey Decimal Classification     Virtual Virtual Online 11/06/2008   ONLINE PUBLICATION 144007-2001 06/08/2019 1 06/08/2019 Book